000 00543nam a2200193Ia 4500
005 20250508161023.0
008 008 250505s9999 xx 000 0 eng d
037 _aTextual
040 _aFEDL
_beng
_cFEDL
041 _aeng
_2eng
084 _a371.2, SHA
_qFEDL
100 _aSharma M L
245 0 _aDiagnosing school personality
260 _aBaroda, India
_bCentre of Advanced Study in Education
_c1973
300 _a55p.
650 _aSchool Administration
942 _cTEXL
_h371.2, SHA
999 _c1367973
_d1367973